| 000 | 01125nam a22002057a 4500 | ||
|---|---|---|---|
| 003 | BUBTL | ||
| 008 | 211209b ||||| |||| 00| 0 eng d | ||
| 020 | _a9789840424610 | ||
| 082 | _a954.925/ H2733b/ 2015 | ||
| 100 |
_aহাসিনা, শেখ _93866 |
||
| 245 |
_aবাংলাদেশ জাতীয় সংসদে বঙ্গবন্ধু শেখ মুজিবুর রহমান (১৯৭২-১৯৭৫) / _cশেখ হাসিনা, বেবী মওদুদ |
||
| 250 | _a1st Edn. | ||
| 260 |
_aঢাকা: _bআগামী প্রকাশনী, _cc2015 |
||
| 300 |
_a93 p. : _c22 cm. |
||
| 505 | _aবাংলাদেশ, জাতীয় সংসদ,বঙ্গবন্ধু, শেখ মুজিবুর রহমান, বাংলাদেশ জাতীয় সংসদে বঙ্গবন্ধু শেখ মুজিবুর রহমান, শেখ হাসিনা, বেবী মওদুদ | ||
| 650 | 0 | _aবঙ্গবন্ধু | |
| 856 |
_k0 _l0 _yDownload |
||
| 942 |
_2ddc _cBK |
||
| 999 |
_c6612 _d6612 |
||